When critics ask : (Record no. 8698)

MARC details
000 -LEADER
fixed length control field 01013cam a2200277 a 4500
001 - CONTROL NUMBER
control field 2502537
003 - CONTROL NUMBER IDENTIFIER
control field GBCCL
005 - DATE AND TIME OF LATEST TRANSACTION
control field 20241126110656.0
008 - FIXED-LENGTH DATA ELEMENTS--GENERAL INFORMATION
fixed length control field 920318s1992 ilu b 001 0 eng
010 ## -
-- 92000411
020 ## - INTERNATIONAL STANDARD BOOK NUMBER
International Standard Book Number 0896936988
040 ## - CATALOGING SOURCE
Original cataloging agency DLC
Transcribing agency DLC
Modifying agency DLC
050 00 -
-- BS612
-- .G45 1992
082 00 - DEWEY DECIMAL CLASSIFICATION NUMBER
Classification number 220.6
Edition information 20
Item number GEI
100 1# - MAIN ENTRY--PERSONAL NAME
Personal name Geisler, Norman L.
9 (RLIN) 88
245 10 - TITLE STATEMENT
Title When critics ask :
Remainder of title a popular handbook on Bible difficulties /
Statement of responsibility, etc. Norman Geisler and Thomas Howe.
260 ## - PUBLICATION, DISTRIBUTION, ETC.
Place of publication, distribution, etc. Wheaton, Ill. :
Name of publisher, distributor, etc. Victor Books,
Date of publication, distribution, etc. c1992.
300 ## - PHYSICAL DESCRIPTION
Extent 604, [1] p. ;
Dimensions 23 cm.
504 ## - BIBLIOGRAPHY, ETC. NOTE
Bibliography, etc. note Includes bibliographical references (p. [605]) and indexes.
630 00 - SUBJECT ADDED ENTRY--UNIFORM TITLE
Uniform title Bible
Form subdivision Miscellanea.
9 (RLIN) 1583
630 00 - SUBJECT ADDED ENTRY--UNIFORM TITLE
Uniform title Bible
General subdivision Evidences, authority, etc.
Form subdivision Miscellanea.
9 (RLIN) 5094
700 1# - ADDED ENTRY--PERSONAL NAME
Personal name Howe, Thomas A.
9 (RLIN) 5095
906 ## - LOCAL DATA ELEMENT F, LDF (RLIN)
a 7
b cbc
c orignew
d 1
e ocip
f 19
g y-gencatlg
942 ## - ADDED ENTRY ELEMENTS (KOHA)
Source of classification or shelving scheme Dewey Decimal Classification
Koha item type Books
Koha issues (borrowed), all copies 3
Holdings
Withdrawn status Lost status Source of classification or shelving scheme Damaged status Not for loan Home library Current Library Shelving location Date acquired Total checkouts Total renewals Full call number Barcode Date last seen Date last checked out Copy number Price effective from Koha item type
    Dewey Decimal Classification     GRACE BIBLE COLLEGE GRACE BIBLE COLLEGE Biblical Studies 2021-08-12 3 3 220.6 GEI 015163 2025-05-01 2024-09-24 c.1 2021-08-12 Books
© Grace Bible College Library 2025